书目信息 |
| 题名: |
一篇一篇 解读统编
|
|
| 作者: | 何捷 主编 | |
| 分册: | 3~6年级 | |
| 出版信息: | 武汉 长江文艺出版社 2021.2 |
|
| 页数: | 288页 | |
| 开本: | 23cm | |
| 丛书名: | 大教育书系 | |
| 单 册: | ||
| 中图分类: | G623.202 , G623.242 | |
| 科图分类: | ||
| 主题词: | 作文课--教学研究--小学 | |
| 电子资源: | ||
| ISBN: | 978-7-5702-1586-7 | |
| 000 | 00965nam0 2200289 45 | |
| 001 | 012001000221 | |
| 005 | 20140817170746.0 | |
| 010 | @a978-7-5702-1586-7@dCNY34.90 | |
| 100 | @a20201204d2020 em y0chiy0110 ea | |
| 101 | 0 | @achi |
| 102 | @aCN@b420000 | |
| 105 | @aa z 000yy | |
| 106 | @ar | |
| 200 | 1 | @a一篇一篇 解读统编@Ayi pian yi pian jie du tong bian@e习作这样教@h3~6年级@h上@f何捷主编@FHe Jie Zhu Bian |
| 210 | @a武汉@c长江文艺出版社@d2021.2 | |
| 215 | @a288页@c图@d23cm | |
| 225 | 2 | @a大教育书系@i做教育的思想者 |
| 330 | @a本书针对3-6年级小学语文教材“习作教学”板块重难点,从设计理念、教学过程、环节解析,立体呈现有趣、有料又有效的范本课堂。 | |
| 410 | 0 | @12001 @a大教育书系 |
| 461 | 0 | @12001 @a大教育书系 |
| 462 | 0 | @12001 @a做教育的思想者 |
| 606 | 0 | @a作文课@x教学研究@x小学 |
| 690 | @aG623.202@v5 | |
| 690 | @aG623.242@v5 | |
| 701 | 0 | @a何捷@Ahe jie@4主编 |
| 801 | @aCN@bAHXH@c20210922 | |
| 905 | @b1357484-8@dG623.202@e2434@f5 | |
| 一篇一篇 解读统编:习作这样教.3~6年级.上/何捷主编.-武汉:长江文艺出版社,2021.2 |
| 288页:图;23cm.-(大教育书系.做教育的思想者) |
| ISBN 978-7-5702-1586-7:CNY34.90 |
| 本书针对3-6年级小学语文教材“习作教学”板块重难点,从设计理念、教学过程、环节解析,立体呈现有趣、有料又有效的范本课堂。 |
| ● |
| 相关链接 |
|
|
|
|
正题名:一篇一篇 解读统编
索取号:G623.202/2434
 
预约/预借
| 序号 | 登录号 | 条形码 | 馆藏地/架位号 | 状态 | 备注 |
| 1 | 1357484 | 213574844 | 第一样本阅览室/ [索取号:G623.202/2434] | 在馆 | |
| 2 | 1357485 | 213574853 | 教育系资料室/ [索取号:G623.202/2434] | 在馆 | |
| 3 | 1357486 | 213574862 | 教育系资料室/ [索取号:G623.202/2434] | 在馆 | |
| 4 | 1357487 | 213574871 | 第四借阅区/ [索取号:G623.202/2434] | 在馆 | |
| 5 | 1357488 | 213574880 | 第四借阅区/ [索取号:G623.202/2434] | 在馆 |